Top 50 Des joueurs ayant le plus de Triples-Doubles en NBA - Statistiques

Statistiques générales
  • Ce quiz a été pris 106 fois
    18 depuis la dernière actualisation
  • Le résultat moyen est 22 sur 53
Statistiques - réponses
Triples-Doubles Réponse Teams % Correct
82 James Harden Rockets-Nets-76ersClippers-Cavaliers
100%
122 LeBron James Cavaliers-Heat-Lakers
100%
88 Luka Doncic Mavericks-Lakers
100%
184 Nikola Jokic Nuggets
100%
207 Russell Westbrook Thunder-Rockets-WizardsLakers-Clippers-Nuggets-Kings
100%
16 Jerry West Lakers
94%
59 Larry Bird Celtics
94%
56 Giannis Antetokounmpo Bucks
88%
18 Kevin Durant Thunder-Warriors-Nets-SunsRockets
88%
138 Magic Johnson Lakers
88%
33 Draymond Green Warriors
81%
21 Kobe Bryant Lakers
81%
78 Wilt Chamberlain Warriors-76ers-Lakers
81%
28 Michael Jordan Bulls-Wizards
69%
181 Oscar Robertson Kings-Bucks
69%
68 Domantas Sabonis Thunder-Pacers-Kings
63%
107 Jason Kidd Mavericks-Suns-NetsKnicks
63%
18 Chris Paul Pelicans-Clippers-RocketsThunder-Suns-Warriors
56%
19 Jimmy Butler Bulls-Timberwolves-76ers-HeatWarriors
56%
25 Clyde Drexler Trail Blazers-Rockets
50%
14 David Robinson Spurs
44%
14 Hakeem Olajuwon Rockets-Raptors
44%
21 Kareem Abdul-Jabbar Bucks-Lakers
44%
33 Ben Simmons 76ers-Nets-Clippers
38%
17 Bill Russell Celtics
38%
31 John Havlicek Celtics
38%
21 Kyle Lowry Grizzlies-Rockets-Raptors-Heat76ers
38%
17 Scottie Pippen Bulls-Rockets-Trail Blazers
38%
20 Dejounte Murray Spurs-Hawks-Pelicans
31%
17 Julius Randle Lakers-Pelicans-KnicksTimberwolves
31%
16 Kevin Garnett Timberwolves-Celtics-Nets
31%
20 Charles Barkley 76ers-Suns-Rockets
25%
17 Elfrid Payton Magic-Suns-Pelicans-Knicks
25%
15 Gary Payton Sonics-Bucks-Lakers-CelticsHeat
25%
29 Grant Hill Pistons-Magic-Suns-Clippers
25%
14 Billy Cunningham 76ers-Cougars
19%
33 Bob Cousy Celtics-Kings
19%
21 Chris Webber Warriors-Bullets-Kings-76ersPistons
19%
18 Mark Jackson Knicks-Clippers-Pacers-NuggetsRaptors-Jazz-Rockets
19%
26 Elgin Baylor Lakers
13%
32 Rajon Rondo Celtics-Mavericks-Kings-BullsPelicans-Lakers-Hawks-Clippers Cavaliers
13%
43 Fat Lever Trail Blazers-Nuggets-Mavericks
6%
15 Antoine Walker Celtics-Mavericks-Hawks-HeatTimberwolves
0%
14 Cade Cunningham Pistons
0%
15 Darrell Walker Knicks-Nuggets-Bullets-PistonsBulls
0%
19 Guy Rodgers Warriors-Bulls-Kings-Bucks
0%
25 Josh Giddey Thunder-Bulls
0%
17 Josh Hart Lakers-Pelicans-Trail BlazersKnicks
0%
21 Michael Ray Richardson Knicks-Warriors-Nets
0%
16 Norm Van Lier Kings-Bulls-Bucks
0%
16 Richie Guerin Knicks-Hawks
0%
20 Tom Gola Warriors-Knicks
0%
23 Walt Frazier Knicks-Cavaliers
0%
Aucun quiz correspondant
Distribution des résultats
% des personnes avec chaque résultat
Percentile par nombre de réponses
Votre historique - résultats
Vous n’avez pas pris ce quiz depuis la dernière actualisation